| 000 | 00347nam a2200145Ia 4500 | ||
|---|---|---|---|
| 008 | 210210b1975 xxu||||| |||| 00| 0 eng d | ||
| 082 | _a516 MOIG | ||
| 100 | _aMOISE (Edwin E) & DOWNS (Floyd L). | ||
| 245 | _aGeometry. | ||
| 260 |
_aNY _bAmerind Publishing _c1975 |
||
| 300 | _a578 | ||
| 650 | _aGeometry | ||
| 690 | _aGeometry | ||
| 906 | _a031732 | ||
| 999 |
_c82616 _d82616 |
||